| 000 | 00700cam a2200217 4500 | ||
|---|---|---|---|
| 001 | ABS62020 | ||
| 008 | 000000n2000 000 0 eng u | ||
| 035 | _a(Sirsi) u104751 | ||
| 100 | _aPitts, G. | ||
| 245 | _aRe-engineering affordable housing - the timber frame solution | ||
| 260 | _c2000 | ||
| 490 |
_aFaculty of Building Journal _v9(1) February 2000 19-20(2) |
||
| 520 | _aExplains the advantages of off-site fabrication of timber frames which is becoming more widely used. | ||
| 590 | _aABS | ||
| 650 | _aOFF-SITE CONSTRUCTION | ||
| 650 | _aTIMBER FRAMES | ||
| 650 | _aTRADA TECHNOLOGY | ||
| 650 | _aHOUSE BUILDING | ||
| 690 | _aBUILT ENVIRONMENT-CONSTRUCTION DESIGN | ||
| 942 | _n0 | ||
| 999 |
_c62841 _d62841 |
||